000 00253nam a2200109Ia 4500
008 190216s9999||||xx |||||||||||||| ||und||
100 _aGupta C B
245 0 _aBusiness Organisationa And Management
260 _bNull
_c1999
300 _a275p
942 _cBK
999 _c5913
_d5913